[Event "Portugal Open 2018"]
[Site "Lisboa POR"]
[Date "2018.02.04"]
[Round "4.40"]
[White "Zemlicka, Vit"]
[Black "Injac, Teodora"]
[Result "0-1"]
[WhiteElo "2015"]
[BlackElo "2302"]
[WhiteFideId "303143"]
[BlackFideId "932400"]
[BlackTitle "WIM"]
[WhiteCountry "CZE"]
[BlackCountry "SRB"]
[PlyCount "106"]
[EventDate "2018.??.??"]

1. e4 e6 2. d4 d5 3. Nc3 Nf6 4. e5 Nfd7 5. f4 c5 6. Nf3 Nc6 7. Be3 Be7 8. Qd2
O-O 9. Be2 b6 10. Nd1 cxd4 11. Nxd4 Nxd4 12. Bxd4 Nb8 13. O-O Nc6 14. c3 Nxd4
15. cxd4 f6 16. Ne3 fxe5 17. fxe5 Bg5 18. Bd3 Bd7 19. Rxf8+ Qxf8 20. Rf1 Qe7 21.
Qf2 Rc8 22. Nc2 Ba4 23. Ne1 Be8 24. Nf3 Bh6 25. a3 Bh5 26. h3 Rf8 27. g4 Bg6 28.
Bxg6 hxg6 29. Qc2 Qf7 30. Nd2 Qe8 31. Rf3 Qc8 32. Rc3 Qa6 33. Nf3 Qb5 34. Rc8
Be3+ 35. Kg2 Rxc8 36. Qxc8+ Kh7 37. Qc2 Qc4 38. Qd1 Kg8 39. b3 Qc3 40. Qb1 Kf7
41. a4 a5 42. h4 Bxd4 43. Nxd4 Qxd4 44. Qf1+ Ke7 45. Qe2 Qc5 46. Kh3 d4 47. Qb5
Qc3+ 48. Kh2 d3 49. Qxb6 Qxe5+ 50. Kh3 Qd6 51. Qb7+ Qd7 52. Qb6 d2 53. Qc5+ Ke8
0-1

[Event "Portugal Open 2018"]
[Site "Lisboa POR"]
[Date "2018.02.04"]
[Round "4.41"]
[White "Terbe, Julianna"]
[Black "Zemlickova, Olena"]
[Result "1/2-1/2"]
[WhiteElo "2292"]
[BlackElo "2090"]
[WhiteFideId "708780"]
[BlackFideId "14105560"]
[WhiteTitle "WIM"]
[BlackTitle "WIM"]
[WhiteCountry "HUN"]
[BlackCountry "UKR"]
[PlyCount "64"]
[EventDate "2018.??.??"]

1. Nf3 d5 2. d4 Nf6 3. Bf4 e6 4. e3 Be7 5. h3 O-O 6. Bd3 b6 7. Nbd2 Bb7 8. a4 a5
9. O-O c5 10. c3 Ba6 11. Bxa6 Rxa6 12. Qe2 Ra7 13. e4 dxe4 14. Nxe4 Nxe4 15.
Qxe4 Nd7 16. Rfd1 Nf6 17. Qc6 Qd7 18. Ne5 Qb7 19. Qb5 Rc8 20. Nc4 cxd4 21. Rxd4
Nd5 22. Bd6 Bf6 23. Be5 Bxe5 24. Nxe5 f6 25. Nf3 Qc6 26. Qxc6 Rxc6 27. Rad1 Kf7
28. c4 Ne7 29. b3 e5 30. Rd8 Rac7 31. Kf1 Ke6 32. Ke2 h6 1/2-1/2

[Event "Portugal Open 2018"]
[Site "Lisboa POR"]
[Date "2018.02.04"]
[Round "4.42"]
[White "Terryn, Ezra"]
[Black "Rego, Pedro"]
[Result "0-1"]
[WhiteElo "1993"]
[BlackElo "2292"]
[WhiteFideId "233196"]
[BlackFideId "1904310"]
[BlackTitle "CM"]
[WhiteCountry "BEL"]
[BlackCountry "POR"]
[PlyCount "68"]
[EventDate "2018.??.??"]

1. e4 e5 2. Nf3 Nc6 3. Bc4 Nf6 4. d3 h6 5. c3 d6 6. Bb3 g6 7. Nbd2 Bg7 8. O-O
O-O 9. Re1 Na5 10. Bc2 c5 11. Qe2 Nc6 12. Nf1 Qc7 13. Ng3 d5 14. Bd2 d4 15. h3
Be6 16. Nh2 b5 17. Rf1 Nd7 18. Ng4 Kh7 19. f4 exf4 20. Bxf4 Nde5 21. Rf2 Qd7 22.
Nxe5 Nxe5 23. Bd2 c4 24. Rd1 Rad8 25. cxd4 Qxd4 26. Bc3 Qb6 27. d4 b4 28. dxe5
bxc3 29. bxc3 Bxe5 30. Qf3 Rxd1+ 31. Bxd1 Rd8 32. Be2 Rd2 33. Bf1 Bxc3 34. Ne2
Bd4 0-1

[Event "Portugal Open 2018"]
[Site "Lisboa POR"]
[Date "2018.02.04"]
[Round "4.43"]
[White "Silva, David"]
[Black "Ribeiro, José"]
[Result "1/2-1/2"]
[WhiteElo "2283"]
[BlackElo "2064"]
[WhiteFideId "10101314"]
[BlackFideId "1901796"]
[WhiteTitle "IM"]
[WhiteCountry "ANG"]
[BlackCountry "POR"]
[PlyCount "52"]
[EventDate "2018.??.??"]

1. e4 e6 2. d4 d5 3. Nc3 Bb4 4. e5 c5 5. a3 Ba5 6. b4 cxd4 7. Nb5 Bc7 8. Nf3 Nc6
9. Bf4 Nge7 10. h4 a6 11. Nxc7+ Qxc7 12. h5 f6 13. h6 g6 14. Bd3 Nxe5 15. Nxe5
fxe5 16. Bh2 Qc3+ 17. Kf1 e4 18. Be2 O-O 19. Be5 Nc6 20. Bg7 Rf7 21. Rh3 e3 22.
Rf3 Rxf3 23. Bxf3 exf2 24. Kxf2 Qe3+ 25. Kf1 Ne5 26. Qe2 Qxe2+ 1/2-1/2

[Event "Portugal Open 2018"]
[Site "Lisboa POR"]
[Date "2018.02.04"]
[Round "4.44"]
[White "Ölçüm, Ahmet"]
[Black "Pereira, Fernando Melão"]
[Result "1-0"]
[WhiteElo "2267"]
[BlackElo "2043"]
[WhiteFideId "6311393"]
[BlackFideId "1900153"]
[WhiteTitle "CM"]
[BlackTitle "NM"]
[WhiteCountry "TUR"]
[BlackCountry "POR"]
[PlyCount "134"]
[EventDate "2018.??.??"]

1. d4 Nf6 2. Nf3 c5 3. c3 Qb6 4. e3 d5 5. Bd3 Bg4 6. Nbd2 Nbd7 7. Qa4 Bxf3 8.
Nxf3 a6 9. O-O e6 10. Ne5 Bd6 11. Nxd7 Nxd7 12. e4 dxe4 13. dxc5 Qxc5 14. Bxe4
b5 15. Qc2 Rd8 16. g3 h6 17. b4 Qc7 18. a4 O-O 19. axb5 axb5 20. Ra5 Rb8 21. Be3
Nf6 22. Ra7 Qc8 23. Rd1 Rd8 24. Bf3 Be5 25. Rxd8+ Qxd8 26. c4 bxc4 27. Qxc4 Rc8
28. Qb5 Bd4 29. Bxd4 Qxd4 30. Qb7 Rf8 31. b5 e5 32. Qa6 e4 33. Be2 e3 34. f3 Qd2
35. Qa2 Qe1+ 36. Bf1 Nd5 37. Qe2 Qc1 38. Kg2 Rc8 39. Kh3 g6 40. Qd3 Qc5 41. Rd7
Nf6 42. Rd8+ Kg7 43. Rxc8 Qxc8+ 44. Kg2 Qc5 45. Qc4 Qe5 46. f4 Qb2+ 47. Qe2 Qd4
48. Qd3 Qb2+ 49. Be2 Qc1 50. Kf3 h5 51. h3 Qh1+ 52. Kxe3 Qxh3 53. Kd4 Qe6 54.
Bf3 Qb6+ 55. Kc4 Qc7+ 56. Bc6 h4 57. gxh4 Qxf4+ 58. Qd4 Qf1+ 59. Kc5 Qf5+ 60.
Kb4 Qc8 61. Be4 Qf8+ 62. Kb3 Qe7 63. Bc6 Qe6+ 64. Kb4 Kh7 65. Ka5 Ng4 66. Bb7
Qa2+ 67. Kb6 f5 1-0

[Event "Portugal Open 2018"]
[Site "Lisboa POR"]
[Date "2018.02.04"]
[Round "4.45"]
[White "Romano, João"]
[Black "Ferrante, Marco"]
[Result "1-0"]
[WhiteElo "1961"]
[BlackElo "2267"]
[WhiteFideId "1938541"]
[BlackFideId "816035"]
[WhiteCountry "POR"]
[BlackCountry "ITA"]
[PlyCount "71"]
[EventDate "2018.??.??"]

1. e4 d5 2. exd5 Qxd5 3. Nf3 Bg4 4. Be2 Nc6 5. d4 O-O-O 6. c4 Qd7 7. d5 Bxf3 8.
Bxf3 Ne5 9. Be2 e6 10. Nc3 Nf6 11. Bf4 Ng6 12. Bg5 Be7 13. Bxf6 Bxf6 14. O-O
Bxc3 15. bxc3 Rhe8 16. Qd4 b6 17. Rfe1 e5 18. Qe3 f5 19. a4 f4 20. Qe4 Qd6 21.
a5 Kd7 22. Bg4+ Ke7 23. h4 Nxh4 24. axb6 axb6 25. Qxh7 Qh6 26. Rxe5+ Kf6 27.
Rf5+ Nxf5 28. Qxf5+ Ke7 29. Re1+ Kd6 30. Rxe8 Rxe8 31. Qd7+ Kc5 32. Qb5+ Kd6 33.
Qxe8 Kc5 34. Qb5+ Kd6 35. Qd7+ Kc5 36. Qxc7+ 1-0

[Event "Portugal Open 2018"]
[Site "Lisboa POR"]
[Date "2018.02.04"]
[Round "4.46"]
[White "Schwartz, Ylon"]
[Black "Fernandes, Miguel"]
[Result "1/2-1/2"]
[WhiteElo "2263"]
[BlackElo "2036"]
[WhiteFideId "2009323"]
[BlackFideId "1920456"]
[WhiteTitle "FM"]
[WhiteCountry "USA"]
[BlackCountry "POR"]
[PlyCount "65"]
[EventDate "2018.??.??"]

1. Nf3 d5 2. g3 Nc6 3. Bg2 Bg4 4. c4 d4 5. h3 Bf5 6. Qa4 Bd7 7. d3 e5 8. O-O Be7
9. a3 a5 10. Qb5 f6 11. Qb3 Qc8 12. Kh2 g5 13. e3 a4 14. Qd1 g4 15. hxg4 h5 16.
gxh5 Bg4 17. Rh1 Rxh5+ 18. Kg1 Rxh1+ 19. Bxh1 Qf5 20. e4 Qh5 21. Nbd2 Nh6 22.
Nf1 O-O-O 23. Bxh6 Rh8 24. N1h2 Rxh6 25. Bg2 f5 26. exf5 Bxf5 27. Qe2 Bf6 28.
Rd1 Nd8 29. Kf1 Ne6 30. g4 Bxg4 31. Nxg4 Qxg4 32. Ng1 Qxe2+ 33. Nxe2 1/2-1/2

[Event "Portugal Open 2018"]
[Site "Lisboa POR"]
[Date "2018.02.04"]
[Round "4.47"]
[White "Newton, Andrew"]
[Black "Koziol, Kamil"]
[Result "0-1"]
[WhiteElo "1899"]
[BlackElo "2257"]
[WhiteFideId "2403285"]
[BlackFideId "1161555"]
[BlackTitle "FM"]
[WhiteCountry "SCO"]
[BlackCountry "POL"]
[PlyCount "76"]
[EventDate "2018.??.??"]

1. e4 c5 2. Nf3 d6 3. d4 cxd4 4. Nxd4 Nf6 5. Nc3 a6 6. Bg5 e6 7. f4 Be7 8. Qf3
Nbd7 9. O-O-O Qc7 10. g4 b5 11. Bxf6 Nxf6 12. g5 Nd7 13. f5 Bxg5+ 14. Kb1 Ne5
15. Qg3 Qe7 16. Bg2 Bd7 17. fxe6 fxe6 18. h4 Bf6 19. Rdf1 Nc4 20. Rd1 Rc8 21. h5
O-O 22. Bh3 Rc5 23. Nce2 b4 24. Qd3 a5 25. Rdg1 a4 26. h6 g6 27. Nf4 Bxd4 28.
Nxg6 hxg6 29. Rxg6+ Kf7 30. Qxd4 Kxg6 31. e5 Rxe5 32. Qxc4 Rh5 33. Qxb4 Kxh6 34.
Qe4 Qh4 35. Qd3 Rf6 36. a3 e5 37. Bg2 Qg4 38. Rg1 Qd4 0-1

[Event "Portugal Open 2018"]
[Site "Lisboa POR"]
[Date "2018.02.04"]
[Round "4.48"]
[White "Yuksel, Atilla Koksal"]
[Black "Lopez De Turiso, José Angel"]
[Result "1-0"]
[WhiteElo "2248"]
[BlackElo "2019"]
[WhiteFideId "6306667"]
[BlackFideId "2207680"]
[BlackCountry "ESP"]
[PlyCount "67"]
[EventDate "2018.??.??"]

1. e4 e5 2. Nf3 Nc6 3. d4 exd4 4. Bc4 Nf6 5. O-O Nxe4 6. Re1 d5 7. Bxd5 Qxd5 8.
Nc3 Qa5 9. Nxe4 Be6 10. Neg5 O-O-O 11. Nxe6 fxe6 12. Rxe6 Qf5 13. Qe2 h6 14. Bd2
d3 15. cxd3 Qxd3 16. Qxd3 Rxd3 17. Bc3 Bb4 18. Rxc6 bxc6 19. Bxb4 Re8 20. Kf1 g6
21. Bc3 Rd5 22. Re1 Rxe1+ 23. Kxe1 Kb7 24. Ke2 Kb6 25. Ne5 g5 26. g3 c5 27. f4
gxf4 28. gxf4 c6 29. f5 Kc7 30. f6 Kd6 31. Nf7+ Ke6 32. Nxh6 Rh5 33. f7 Ke7 34.
Bg7 1-0

[Event "Portugal Open 2018"]
[Site "Lisboa POR"]
[Date "2018.02.04"]
[Round "4.49"]
[White "Neves, Pedro"]
[Black "Ruiz Bellón, Manuel"]
[Result "1-0"]
[WhiteElo "2242"]
[BlackElo "1886"]
[WhiteFideId "1905554"]
[BlackFideId "32011504"]
[WhiteTitle "NM"]
[WhiteCountry "POR"]
[BlackCountry "ESP"]
[PlyCount "51"]
[EventDate "2018.??.??"]

1. e4 e6 2. d4 d5 3. Nd2 dxe4 4. Nxe4 Nf6 5. Bg5 Be7 6. Bxf6 Bxf6 7. Nf3 O-O 8.
c3 Nd7 9. Bd3 Be7 10. O-O c5 11. Qe2 cxd4 12. cxd4 Nb6 13. Rac1 Nd5 14. Bb1 a6
15. Ne5 Bd7 16. Rfd1 Bb5 17. Qf3 Rc8 18. Nc5 b6 19. Nb7 Qe8 20. Be4 f6 21. Bxd5
exd5 22. Qxd5+ Kh8 23. Rxc8 Qxc8 24. Nf7+ Rxf7 25. Qxf7 Qxb7 26. Rc1 1-0

[Event "Portugal Open 2018"]
[Site "Lisboa POR"]
[Date "2018.02.04"]
[Round "4.50"]
[White "Santos, António P"]
[Black "Gonçalves, Gabriel"]
[Result "1-0"]
[WhiteElo "2228"]
[BlackElo "1766"]
[WhiteFideId "1900161"]
[BlackFideId "1945610"]
[WhiteTitle "FM"]
[WhiteCountry "POR"]
[BlackCountry "POR"]
[PlyCount "57"]
[EventDate "2018.??.??"]

1. d4 f5 2. Qd3 d5 3. g4 e6 4. gxf5 exf5 5. Nf3 Nc6 6. Nc3 Nf6 7. Bg5 Be7 8.
Bxf6 Bxf6 9. O-O-O a6 10. Qe3+ Be7 11. Ne5 Qd6 12. f4 Be6 13. Bg2 O-O-O 14. Kb1
Rhg8 15. h4 g6 16. Bf3 Rg7 17. a3 Rdg8 18. Rd3 h6 19. Nxc6 bxc6 20. Na4 c5 21.
Nxc5 Bd7 22. Rb3 Bb5 23. a4 Bc4 24. Rb4 a5 25. Rxc4 dxc4 26. Bb7+ Kb8 27. Qc3
Bf6 28. Qxa5 c6 29. Qb6 1-0

[Event "Portugal Open 2018"]
[Site "Lisboa POR"]
[Date "2018.02.04"]
[Round "4.51"]
[White "Gorny, Michael"]
[Black "Ermeni, Avni"]
[Result "1-0"]
[WhiteElo "1836"]
[BlackElo "2214"]
[WhiteFideId "12953628"]
[BlackFideId "912840"]
[BlackTitle "FM"]
[WhiteCountry "GER"]
[BlackCountry "KOS"]
[PlyCount "127"]
[EventDate "2018.??.??"]

1. d4 Nf6 2. c4 c5 3. d5 b5 4. f3 g6 5. e4 d6 6. Ne2 b4 7. b3 Bg7 8. Bb2 a5 9.
a4 bxa3 10. Nxa3 O-O 11. Qd2 Na6 12. Nc3 Nb4 13. Be2 Nd7 14. O-O Nb6 15. Na4
Bxb2 16. Qxb2 Nxa4 17. bxa4 e6 18. dxe6 fxe6 19. Rad1 Qe7 20. Nb5 Rd8 21. Rd2 e5
22. Rfd1 Ra6 23. Bf1 Be6 24. Qc3 Bf7 25. Qe3 Qf6 26. Qh6 Rb6 27. h4 Be8 28. Qg5
Qxg5 29. hxg5 Bxb5 30. cxb5 h6 31. Bc4+ Kh7 32. gxh6 Kxh6 33. Bd5 Kg5 34. Kf2
Kf6 35. Bc4 Ke7 36. Rh1 Rd7 37. Rh7+ Kd8 38. Rh8+ Ke7 39. Ra8 Rbb7 40. Kg3 Rb6
41. Kg4 d5 42. exd5 Rbd6 43. Rxa5 Nxd5 44. Bxd5 Rxd5 45. Rxd5 Rxd5 46. b6 Kd7
47. Rb5 Kc8 48. a5 Kb8 49. a6 Rd4+ 50. Kg5 Ra4 51. a7+ Kb7 52. Rxc5 e4 53. fxe4
Kxb6 54. Re5 Rxa7 55. Re6+ Kc5 56. Kxg6 Kd4 57. g4 Ke3 58. Kf5 Ra5+ 59. e5 Ra4
60. g5 Rf4+ 61. Kg6 Kd4 62. Rf6 Re4 63. e6 Kd5 64. Kf7 1-0

[Event "Portugal Open 2018"]
[Site "Lisboa POR"]
[Date "2018.02.04"]
[Round "4.52"]
[White "Ranaldi, Lucas"]
[Black "Gonçalves, Samuel"]
[Result "1-0"]
[WhiteElo "2213"]
[BlackElo "1469"]
[WhiteFideId "1519484"]
[BlackFideId "1945130"]
[WhiteTitle "FM"]
[WhiteCountry "NOR"]
[BlackCountry "POR"]
[PlyCount "61"]
[EventDate "2018.??.??"]

1. Nf3 Nf6 2. c4 e6 3. g3 b6 4. Bg2 Bb7 5. O-O Be7 6. Nc3 c5 7. d4 O-O 8. d5
exd5 9. cxd5 d6 10. a4 Na6 11. Nd2 Nc7 12. Nc4 Nd7 13. Bf4 Nf6 14. Re1 Ba6 15.
b3 Nh5 16. Bd2 g6 17. e4 Bf6 18. f4 Bxc4 19. bxc4 Bd4+ 20. Kh1 Rb8 21. Rb1 Re8
22. Qc2 Nf6 23. Ne2 Nd7 24. Nxd4 cxd4 25. Bc1 Nc5 26. Bb2 Qd7 27. Bxd4 N7a6 28.
e5 Nxa4 29. e6 fxe6 30. dxe6 Rxe6 31. Rxe6 1-0

[Event "Portugal Open 2018"]
[Site "Lisboa POR"]
[Date "2018.02.04"]
[Round "4.53"]
[White "Barrento, Jorge"]
[Black "Van Zyl-Rudd, Jack"]
[Result "0-1"]
[WhiteElo "1700"]
[BlackElo "2197"]
[WhiteFideId "1906500"]
[BlackFideId "14309017"]
[BlackTitle "FM"]
[WhiteCountry "POR"]
[BlackCountry "RSA"]
[PlyCount "58"]
[EventDate "2018.??.??"]

1. Nf3 Nf6 2. b3 d5 3. e3 g6 4. Bb2 Bg7 5. Be2 O-O 6. O-O c5 7. d4 cxd4 8. Bxd4
Nc6 9. Bb2 Bf5 10. Bd3 Bg4 11. Be2 Rc8 12. h3 Bf5 13. a4 Qc7 14. Bd3 Bd7 15. Na3
a6 16. Rc1 Rfd8 17. c3 e5 18. Bc2 e4 19. Nd4 Nxd4 20. cxd4 Qd6 21. Qd2 b5 22.
axb5 axb5 23. b4 Bf8 24. Bc3 Qb6 25. Bb3 Bd6 26. f4 exf3 27. Rxf3 Ne4 28. Qb2
Ng5 29. Rff1 Bb8 0-1

[Event "Portugal Open 2018"]
[Site "Lisboa POR"]
[Date "2018.02.04"]
[Round "4.54"]
[White "Weinzettl, Ernst"]
[Black "Quintino, Luís"]
[Result "1-0"]
[WhiteElo "2238"]
[BlackElo "1899"]
[WhiteFideId "1600575"]
[BlackFideId "1904086"]
[WhiteTitle "IM"]
[WhiteCountry "AUT"]
[BlackCountry "POR"]
[PlyCount "49"]
[EventDate "2018.??.??"]

1. e4 d6 2. d4 e5 3. Ne2 exd4 4. Nxd4 Nf6 5. Nc3 c6 6. g3 g6 7. Bg2 Bg7 8. O-O
O-O 9. Bf4 Ng4 10. Qd2 Ne5 11. Rad1 Qc7 12. Nde2 Rd8 13. b3 Bg4 14. f3 Be6 15.
Nd4 Qe7 16. Bh6 f6 17. Bxg7 Kxg7 18. f4 Nf7 19. Rde1 Na6 20. Nd5 Qd7 21. f5 gxf5
22. Nf4 Ng5 23. h4 c5 24. hxg5 cxd4 25. Qxd4 1-0

[Event "Portugal Open 2018"]
[Site "Lisboa POR"]
[Date "2018.02.04"]
[Round "4.55"]
[White "Taylor, Robert Graham"]
[Black "Costa, Paulo"]
[Result "0-1"]
[WhiteElo "1906"]
[BlackElo "2175"]
[WhiteFideId "1800841"]
[BlackFideId "1900900"]
[WhiteCountry "WLS"]
[BlackCountry "POR"]
[PlyCount "144"]
[EventDate "2018.??.??"]

1. Nf3 Nf6 2. c4 e6 3. g3 b6 4. Bg2 Bb7 5. O-O c5 6. d3 Be7 7. b3 O-O 8. Bb2 d5
9. e3 Nbd7 10. Qe2 Qc7 11. Nbd2 Rfe8 12. e4 d4 13. h3 g6 14. Rfe1 e5 15. Nf1 Nf8
16. Bc1 Ne6 17. N3h2 h5 18. h4 a6 19. Bh3 Bc8 20. Bxe6 Bxe6 21. f4 exf4 22. Bxf4
Qd7 23. Nf3 Ng4 24. N1h2 f6 25. Nxg4 Bxg4 26. Qf2 Bd6 27. Nh2 Bh3 28. Bxd6 Qxd6
29. Qf4 Rad8 30. Re2 Re6 31. Rf2 Rde8 32. Nf3 Kg7 33. Kh2 Bg4 34. Raf1 Qe7 35.
Kg2 Rc6 36. Nh2 Bd7 37. Rg1 f5 38. Re1 fxe4 39. dxe4 Re6 40. Kg1 Bc6 41. Nf3 Rf8
42. Qg5 Qf6 43. e5 Qf5 44. Qxf5 Rxf5 45. Ng5 Re7 46. Rxf5 gxf5 47. Kf2 Kg6 48.
Nh3 Be4 49. Nf4+ Kh6 50. Nd5 Re6 51. Nc7 Rxe5 52. Nxa6 Re7 53. b4 cxb4 54. Nxb4
Ra7 55. Re2 Ra3 56. Nd5 Rf3+ 57. Ke1 b5 58. Rb2 bxc4 59. Rb7 Kg6 60. Rb6+ Kf7
61. Rb7+ Ke6 62. Nf4+ Kd6 63. Ra7 Rxg3 64. Nxh5 Re3+ 65. Kf2 Rf3+ 66. Ke1 Bd3
67. Ra4 Kc5 68. Ra5+ Kb4 69. Ra8 c3 70. Ng3 Rxg3 71. Kf2 Rh3 72. Rb8+ Bb5 0-1

[Event "Portugal Open 2018"]
[Site "Lisboa POR"]
[Date "2018.02.04"]
[Round "4.56"]
[White "Vandamme, Florian"]
[Black "Dias, Ivo"]
[Result "0-1"]
[WhiteElo "1898"]
[BlackElo "2158"]
[WhiteFideId "228672"]
[BlackFideId "1901680"]
[BlackTitle "CM"]
[WhiteCountry "BEL"]
[BlackCountry "POR"]
[PlyCount "104"]
[EventDate "2018.??.??"]

1. d4 d5 2. c4 e6 3. Nf3 Nf6 4. g3 Bb4+ 5. Bd2 Bd6 6. Bg2 c6 7. b3 O-O 8. O-O
Nbd7 9. Bc3 Ne4 10. Bb2 b6 11. Ne5 Bb7 12. Nd2 Nxd2 13. Qxd2 Nf6 14. Rac1 Rc8
15. Rfd1 Qe7 16. Rc2 Rfd8 17. Qc1 c5 18. e3 cxd4 19. exd4 h6 20. Qb1 dxc4 21.
Rxc4 Bxg2 22. Kxg2 Qb7+ 23. f3 Nd5 24. Qe4 b5 25. Rxc8 Rxc8 26. Rd2 Qa6 27. Qb1
Qa5 28. Re2 a6 29. f4 Bxe5 30. dxe5 Qb4 31. f5 Qg4 32. Rf2 Ne3+ 33. Kg1 Nxf5 34.
Qd3 Qg5 35. Ba3 h5 36. Qd2 Qg6 37. Qd7 Rc3 38. Qd2 Rc8 39. Qd7 Ra8 40. Qc6 Rd8
41. Bd6 h4 42. Re2 hxg3 43. hxg3 Qxg3+ 44. Rg2 Qe1+ 45. Kh2 Qh4+ 46. Kg1 Nxd6
47. exd6 Qd4+ 48. Kh1 Qxd6 49. Qe4 Qd1+ 50. Kh2 Qh5+ 51. Kg3 Rd5 52. Rc2 Qe5+
0-1

[Event "Portugal Open 2018"]
[Site "Lisboa POR"]
[Date "2018.02.04"]
[Round "4.57"]
[White "Sousa, Tadeu"]
[Black "Pérez García, Roberto"]
[Result "1/2-1/2"]
[WhiteElo "1888"]
[BlackElo "2142"]
[WhiteFideId "1928198"]
[BlackFideId "2217708"]
[WhiteCountry "POR"]
[BlackCountry "ESP"]
[PlyCount "74"]
[EventDate "2018.??.??"]

1. a3 g6 2. Nf3 Bg7 3. e4 c5 4. d4 cxd4 5. Nxd4 Nc6 6. Nb3 Nf6 7. Nc3 d6 8. Be2
O-O 9. O-O Be6 10. Be3 Rc8 11. f3 a6 12. Qd2 Ne5 13. Nd5 Nfd7 14. Rac1 Bxd5 15.
Qxd5 Qc7 16. Qd2 Nb6 17. Na5 Na4 18. Rb1 Nd7 19. b4 Nc3 20. Rbc1 Nxe2+ 21. Qxe2
Bb2 22. Rb1 Qxc2 23. Rxb2 Qxe2 24. Rxe2 b6 25. Nb3 Rc3 26. Nd4 Rxa3 27. Nc6 Re8
28. Rc1 f6 29. Kf2 Kf7 30. Rec2 Ra8 31. Nd4 Ne5 32. Rb1 b5 33. Rb3 Ra1 34. Rc1
Ra2+ 35. Rc2 Ra1 36. Rc1 Ra2+ 37. Rc2 Ra1 1/2-1/2

[Event "Portugal Open 2018"]
[Site "Lisboa POR"]
[Date "2018.02.04"]
[Round "4.58"]
[White "Marques, Rui"]
[Black "Carneiro, Carlos"]
[Result "0-1"]
[WhiteElo "1876"]
[BlackElo "2130"]
[WhiteFideId "1903390"]
[BlackFideId "1900170"]
[BlackTitle "NM"]
[WhiteCountry "POR"]
[BlackCountry "POR"]
[PlyCount "68"]
[EventDate "2018.??.??"]

1. e4 c5 2. Nf3 g6 3. d4 cxd4 4. Nxd4 Nf6 5. Nc3 Nc6 6. Nxc6 bxc6 7. e5 Ng8 8.
Bc4 Bg7 9. Qf3 f5 10. Bf4 e6 11. O-O-O Qc7 12. Bb3 Rb8 13. Rhe1 Nh6 14. h4 Nf7
15. Qe3 Rb4 16. Kb1 O-O 17. Rd3 Rxf4 18. Qxf4 Bxe5 19. Qa4 Bg7 20. f4 d5 21. g3
Nd6 22. h5 Ne4 23. hxg6 hxg6 24. Nxe4 fxe4 25. Rd2 g5 26. fxg5 Qxg3 27. Red1 c5
28. Qc6 c4 29. Bxc4 dxc4 30. Qxc4 Qe5 31. c3 Bb7 32. Rd7 Bd5 33. Qc7 Qxg5 34.
Qxa7 Ra8 0-1

[Event "Portugal Open 2018"]
[Site "Lisboa POR"]
[Date "2018.02.04"]
[Round "4.59"]
[White "Lavrador, Rodolfo"]
[Black "Santos, José Gulherme"]
[Result "0-1"]
[WhiteElo "1859"]
[BlackElo "2098"]
[WhiteFideId "1908367"]
[BlackFideId "1939300"]
[WhiteTitle "NM"]
[WhiteCountry "POR"]
[BlackCountry "POR"]
[PlyCount "90"]
[EventDate "2018.??.??"]

1. e4 c5 2. Nf3 Nc6 3. d4 cxd4 4. Nxd4 Nf6 5. Nc3 d6 6. Be2 e5 7. Nxc6 bxc6 8.
O-O Be7 9. b3 O-O 10. Bb2 Qc7 11. Re1 Be6 12. Bf3 Rad8 13. Qe2 Nd7 14. Rad1 Nb6
15. a4 a5 16. h3 f6 17. Ba3 Rfe8 18. Bg4 Bf7 19. Rd3 d5 20. Bxe7 Qxe7 21. exd5
cxd5 22. Nb5 Qb4 23. Qd2 Qxd2 24. Rxd2 g6 25. Red1 f5 26. Be2 Re7 27. f3 Rc8 28.
Nd6 Rc6 29. Nxf7 Kxf7 30. Bb5 Rc5 31. Kf2 Rec7 32. c4 dxc4 33. bxc4 Nxc4 34.
Rd7+ Rxd7 35. Rxd7+ Ke6 36. Rxh7 Nd6 37. Bd7+ Kf6 38. g4 fxg4 39. fxg4 Kg5 40.
h4+ Kf4 41. Rg7 Rc2+ 42. Ke1 Ke3 43. Kd1 Rc7 44. h5 Ne4 45. hxg6 Nf2+ 0-1

[Event "Portugal Open 2018"]
[Site "Lisboa POR"]
[Date "2018.02.04"]
[Round "4.60"]
[White "Pires, Emanuel"]
[Black "Garcia, António"]
[Result "1-0"]
[WhiteElo "2068"]
[BlackElo "1833"]
[WhiteFideId "1914715"]
[BlackFideId "1901931"]
[WhiteCountry "POR"]
[BlackCountry "POR"]
[PlyCount "123"]
[EventDate "2018.??.??"]

1. e4 c6 2. Bc4 d5 3. Bb3 g6 4. Qf3 e6 5. Nh3 Bg7 6. O-O Ne7 7. c3 O-O 8. d4
dxe4 9. Qxe4 h6 10. Nd2 Na6 11. Nf3 c5 12. Rd1 Qc7 13. Bf4 Qb6 14. Be5 cxd4 15.
cxd4 Nc7 16. Bxg7 Kxg7 17. Rac1 Ncd5 18. Ne5 Nf6 19. Qc2 Ned5 20. Qd2 Qd6 21. f3
Rd8 22. Bc2 Qe7 23. Nf2 Nd7 24. Nfg4 Qg5 25. Nxh6 Qxd2 26. Rxd2 Nxe5 27. dxe5
Kxh6 28. Be4 b6 29. Kf2 Bb7 30. b3 Rac8 31. Rc4 b5 32. Rcd4 Rc5 33. Bd3 a5 34.
a4 b4 35. Kg3 Rdc8 36. Bc4 Nb6 37. Bb5 Bd5 38. R4d3 Rc3 39. Rd4 Rxb3 40. h4 Rbc3
41. h5 g5 42. Kg4 b3 43. f4 gxf4 44. Rxf4 Rg8+ 45. Kh4 Bxg2 46. Rf6+ Kh7 47.
Bd3+ Rxd3 48. Rxd3 b2 49. Rb3 Nxa4 50. Rxf7+ Rg7 51. Rf4 Bd5 52. Rb8 Rb7 53.
Rxb7+ Bxb7 54. Rf7+ Kg8 55. Rxb7 Kf8 56. h6 Kg8 57. Kg5 Nc5 58. Rxb2 a4 59. Kg6
Nd7 60. Rb5 a3 61. Ra5 a2 62. h7+ 1-0

[Event "Portugal Open 2018"]
[Site "Lisboa POR"]
[Date "2018.02.04"]
[Round "4.61"]
[White "Dahlgren, James Allen"]
[Black "Pintor, Simão"]
[Result "1-0"]
[WhiteElo "1809"]
[BlackElo "2060"]
[WhiteFideId "22256873"]
[BlackFideId "1904787"]
[WhiteCountry "ESP"]
[BlackCountry "POR"]
[PlyCount "149"]
[EventDate "2018.??.??"]

1. d4 d5 2. Bf4 e6 3. e3 c5 4. c3 Bd6 5. Bg3 Nc6 6. Nf3 Nf6 7. Bd3 O-O 8. Nbd2
Qe7 9. Ne5 Bxe5 10. dxe5 Nd7 11. Nf3 f6 12. exf6 gxf6 13. O-O c4 14. Bc2 Nc5 15.
b4 cxb3 16. axb3 b6 17. Nd4 Bb7 18. b4 Nxd4 19. cxd4 Ne4 20. Bf4 Kh8 21. Qh5 Rg8
22. Rac1 Qg7 23. Bg3 Ba6 24. Bxe4 dxe4 25. b5 Bc8 26. Rc7 Qg6 27. Qxg6 hxg6 28.
Rfc1 Rd8 29. Rf7 a5 30. Rcc7 Bd7 31. Bd6 a4 32. Ba3 Ra5 33. Rfxd7 Rxd7 34. Rxd7
Rxb5 35. g4 Rb3 36. Be7 b5 37. Bxf6+ Kg8 38. Be7 b4 39. Kg2 a3 40. Ra7 Rb2 41.
Bxb4 Rxb4 42. Rxa3 Kf7 43. h4 Kf6 44. Ra2 Rb1 45. Ra6 Rd1 46. Ra5 Rb1 47. Re5
Rb2 48. Rxe4 Rb5 49. Rf4+ Kg7 50. Kf3 g5 51. hxg5 Rxg5 52. Ke4 Ra5 53. Rf3 Kg6
54. Rh3 Ra2 55. f3 Ra3 56. Rh5 Ra1 57. Re5 Kf6 58. g5+ Ke7 59. f4 Kd6 60. g6 Ra7
61. Rg5 Rg7 62. Kf3 Ke7 63. Kg4 Kf6 64. e4 Ra7 65. g7 Rxg7 66. Rxg7 Kxg7 67. Kg5
Kf7 68. f5 exf5 69. Kxf5 Ke7 70. Ke5 Kd7 71. Kf6 Ke8 72. Ke6 Kd8 73. e5 Ke8 74.
d5 Kd8 75. Kf7 1-0

[Event "Portugal Open 2018"]
[Site "Lisboa POR"]
[Date "2018.02.04"]
[Round "4.62"]
[White "Nikanova, Ekaterina"]
[Black "Simões, Miguel"]
[Result "1-0"]
[WhiteElo "2048"]
[BlackElo "1794"]
[WhiteFideId "13506374"]
[BlackFideId "1946307"]
[WhiteCountry "BLR"]
[BlackCountry "POR"]
[PlyCount "83"]
[EventDate "2018.??.??"]

1. e4 e5 2. Nf3 Nc6 3. Bb5 a6 4. Ba4 Nf6 5. O-O b5 6. Bb3 Be7 7. c3 d6 8. h3 O-O
9. Re1 Na5 10. Bc2 c5 11. d4 Qc7 12. Nbd2 Re8 13. Nf1 g6 14. d5 Bf8 15. Bg5 Bg7
16. a3 Bd7 17. g4 Nc4 18. Qc1 Rac8 19. Ng3 a5 20. b3 Nb6 21. Bh6 c4 22. b4 axb4
23. axb4 Ra8 24. Qg5 Na4 25. Bxa4 Rxa4 26. Bxg7 Kxg7 27. Nh4 Ng8 28. Nhf5+ Kh8
29. Nh6 Nxh6 30. Qxh6 Rea8 31. Rxa4 bxa4 32. Kh1 a3 33. Nh5 gxh5 34. gxh5 Bg4
35. Qf6+ Kg8 36. Rg1 Qc8 37. h6 Kf8 38. Qxd6+ Kg8 39. Rxg4+ Qxg4 40. hxg4 Re8
41. Qf6 Kf8 42. d6 1-0